Les animaux héros de l'Histoire (notice n° 1568445)
[ vue normale ]
| 000 -LEADER | |
|---|---|
| fixed length control field | 01409cam a2200145 4500500 |
| 005 - DATE AND TIME OF LATEST TRANSACTION | |
| control field | 20251214004328.0 |
| 041 ## - LANGUAGE CODE | |
| Language code of text/sound track or separate title | fre |
| 042 ## - AUTHENTICATION CODE | |
| Authentication code | dc |
| 100 10 - MAIN ENTRY--PERSONAL NAME | |
| Personal name | Pattier, Jean-Baptiste |
| Relator term | author |
| 245 00 - TITLE STATEMENT | |
| Title | Les animaux héros de l'Histoire |
| 260 ## - PUBLICATION, DISTRIBUTION, ETC. | |
| Name of publisher, distributor, etc. | Armand Colin,<br/> |
| Date of publication, distribution, etc. | 2023.<br/> |
| 520 ## - SUMMARY, ETC. | |
| Summary, etc. | Depuis l’Antiquité, les animaux cheminent avec les hommes. A leurs côtés jusque dans les conflits, les éléphants se font chars d’assaut, les cochons lance-flammes, les chevaux deviennent les pièces maîtresses des armées. Qu’ils aient été anonymes ou célèbres - tel Vizir le cheval de Napoléon - les animaux ont accompagné les hommes dans leurs volontés de conquête. Leur participation parfois décisive a débordé des champs de bataille pour (plus récemment) aller dans l’espace où chimpanzés et chiens ont précédé les pas de l’homme. Ces héros, bien souvent cobayes au service du progrès, deviennent alors la clés des grandes découvertes scientifiques.Plus souvent oubliés que décorés, les animaux sont aussi les héros de notre Histoire. Des héros auxquels Jean-Baptiste Pattier et Emmanuel Chaunu rendent hommage dans un ouvrage illustré où l’Histoire laisse la part belle aux anecdotes. |
| 700 10 - ADDED ENTRY--PERSONAL NAME | |
| Personal name | Chaunu, Emmanuel |
| Relator term | author |
| 856 41 - ELECTRONIC LOCATION AND ACCESS | |
| Uniform Resource Identifier | <a href="https://shs.cairn.info/les-animaux-heros-de-l-histoire--9782200630591?lang=fr&redirect-ssocas=7080">https://shs.cairn.info/les-animaux-heros-de-l-histoire--9782200630591?lang=fr&redirect-ssocas=7080</a> |
Pas d'exemplaire disponible.




Réseaux sociaux